|
|
|
|
| LEADER |
00000cam a2200000 a 4500 |
| 001 |
28290 |
| 003 |
Ucuenca |
| 005 |
20231017080124.0 |
| 008 |
960090|1960 ec |||||r|||||||||||spa|| |
| 040 |
|
|
|b spa
|
| 041 |
0 |
|
|a spa
|
| 082 |
0 |
|
|a E861.4
|
| 100 |
1 |
|
|a Adoum, Jorge Enrique.
|d 1926-2009
|9 97380
|
| 245 |
|
|
|a Dios trajo la sombra
|c Jorge Enrique Adoum
|h imp
|
| 264 |
|
|
|a La Habana
|b Casa de las américas
|c 1960
|
| 300 |
|
|
|a 56 páginas:
|c 16.5 cm
|
| 500 |
|
|
|a Nace 1926
|
| 650 |
|
7 |
|a Poesía ecuatoriana
|9 618
|
| 852 |
|
|
|a UC-CDJBV
|f Donación
|l 1
|m General
|p 19600905
|q 10,00
|r 8
|t 28290
|b 0
|d CDRC
|e CDRC
|g E861.4 TERCER PISO
|z 1960-00-90
|
| 942 |
|
|
|c BK
|2 ddc
|
| 999 |
|
|
|c 2820
|d 2820
|